000 00593nam a22002177a 4500
003 UA-OsUOA
001 97758
007 ta
008 20130404b un ||||| |||| 00| 0 ukr d
100 _aКузнецова О.
090 _a330
_bК89
942 _cSA
040 _aUA-OsUOA
_brus
_cUA-OsUOA
_dUA-OsUOA
245 _aПирамида факторов социально-экономического развития регионов
300 _aС.121-132
955 _a0
041 _arus
080 _a330
773 0 _w97751
650 7 _a330 Економіка взагалі
_2UDC
999 _c384014
_d384014